000 00305 a2200157 4500
001 175650
020 _a
040 _cMagnum
100 _aGenofre, Godofredo
240 1 0 _aOs corais
_lpor
245 1 0 _aOs corais
362 0 _a1899
440 1 _aFTD
697 _aMAGNITO: I/ECOLOGIA
942 _cBK
999 _c175650
_d175650